000 00608nam a22002057a 4500
003 LK-CoMWRAF
005 20240212180644.0
008 240211b |||||||| |||| 00| 0 eng d
020 _a9789551772420
040 _aLK-CoMWRAF
_dLK-CoMWRAF
_eLK-CoMWRAF
041 _aeng
082 _a303.485
_bSAR
100 _aSaroor, Shreen
245 _aImpact of the Tsunami in the East - Muslim women's perspective
260 _aColombo :
_bSocial scientists association,
_c2009
300 _a28 p. : ills. 23cm.
650 _aNational disasters - Sri Lanka
650 _aNational disasters - Women
942 _cBK
999 _c4731
_d4731